Science Quiz

Random Science or Letter Quiz
Score 0/18 Timer 04:00
0 Plays Today
% Correct
Cobalt
93.6%
Neon
88.9%
Copper
78.2%
Rubidium
56.9%
Thorium
54.3%
Thallium
51.9%
Rutherfordium
51.7%
Mercury
48.2%
Mendelevium
42.3%
% Correct
Ruthenium
40%
Neodymium
34.2%
Neptunium
33.4%
Protactinium
32.2%
Thulium
31.7%
Promethium
31%
Praseodymium
30.6%
Copernicium
30.3%
Meitnerium
29.8%
Remove Ads.
Support Sporcle.
Get the best of Sporcle when you Go Orange. This ad-free experience offers more features, more stats, and more fun while also helping to support Sporcle. Thank you for becoming a member.

You're not logged in!

Compare scores with friends on all Sporcle quizzes.
OR
Log In

Show Comments

Extras

Top Quizzes Today


Score Distribution

Your Account Isn't Verified!

In order to create a playlist on Sporcle, you need to verify the email address you used during registration. Go to your Sporcle Settings to finish the process.

Report this User

Report this user for behavior that violates our Community Guidelines.

Details: